01037 a2200169 4500003000500000005001700005040000900022082001900031100002600050245012600076250001100202260002900213300002400242505054100266600002600807650003400833Nust20221202182604.0 cNust a621.381528,AMO aAmos, Stanley William aPrinciples of transistor circuits;bintroduction to the design of amplifiers, receivers, and other circuits /cS. W. Amos a2nd ed aF. RiderbNew Yorkc1961 a210 pbillusc22 cm aSemiconductors And Junction Diodes (Page-1), Basic Principles Of Junction Transistors (Page-19), Common Base Amplifiers (Page-37), Common Emitter Amplifiers (Page-53), Common Collector Amplifiers (Page-67), Bias Stabilization (Page-78), Small Signal AF Amplifiers (Page-94), IF Amplifiers (Page-106), Pulse Amplifiers (Page-126), Large Signal AF Receivers (Page-136), Am And Fm Receivers (Page-150), Multivibrators (Page-171), Further Applications Of Junction Diodes And Transistors (Page-185), Further Semiconductor Devices (Page-198). aAmos, Stanley William aTelecommunication Engineering